000 00848nam a2200253 i 4500
001 11987
003 KOSZ 005
005 20221125102701.0
008 080307s1967 pl a f 000 0 pol
015 _aPB 1967/9322
040 _aWA N
_cKOSZ 005/KK
_dKOSZ 005/KK
080 _a17+007
100 1 _aKotarbiński, Tadeusz
_d(1886-1981)
_eAutor
245 1 0 _aMedytacje o życiu godziwym /
_cTadeusz Kotarbiński.
250 _aWyd. 2.
260 _aWarszawa :
_b"Wiedza Powszechna",
_c1967.
300 _a198, [2] s., [1] k. tabl. :
_bil. ;
_c18 cm.
380 _aKsiążki.
650 4 _aEtyka
650 4 _aPrakseologia
710 2 _aPaństwowe Wydawnictwo Wiedza Powszechna
_4pbl.
856 _uhttp://koha.tu.koszalin.pl/cgi-bin/koha/opac-detail.pl?biblionumber=11987
_yKatalog online BPK
942 _2UKD
_cKS
999 _c11987
_d11987